| 000 | 01757nam0a2200349 4500 | ||
|---|---|---|---|
| 001 | RU\NLR\bibl\1442604 | ||
| 005 | 20241119211014.0 | ||
| 020 |
_aRU _b90-15584 _9Летопись авторефератов диссертаций |
||
| 021 |
_aRU _b2009-12384а _9496а |
||
| 035 | _a(NLR Aleph) 001434453 | ||
| 090 |
_a1423349 _c1423349 |
||
| 100 | _a20090811d2009 u u0rusy50 ca | ||
| 101 | 0 | _arus | |
| 102 | _aRU | ||
| 105 | _aa dm ||||| | ||
| 200 | 1 |
_aТенденции и перспективы демографического развития татарстанских городов _e(на материале городов Казань, Зеленодольск, Набережные Челны, Нижнекамск) _eавтореф. дис. на соиск. учен. степ. канд. социол. наук _eспециальность 22.00.03 <Экон. социология и демография> _fДрепа Елена Николаевна _g[Казан. гос. финансово-экон. ин-т] |
|
| 210 |
_aКазань _d2009 |
||
| 215 |
_a23 с. _cил. _d21 |
||
| 320 | _aБиблиогр.: с. 23 (10 назв.) и в подстроч. примеч. | ||
| 610 | 0 | _aТатарстан, социол. науки | |
| 675 |
_a314 _v3 _zrus |
||
| 686 |
_a05 _2rugasnti |
||
| 686 |
_a60.7 _2rubbk |
||
| 686 |
_a22.00.03 _2oksvnk |
||
| 700 | 1 |
_aДрепа _bЕ. Н. _gЕлена Николаевна _4070 |
|
| 801 | 0 |
_aRU _bRKP _c20090811 _gPSBO |
|
| 801 | 1 |
_aRU _bRKP _c20090811 |
|
| 801 | 2 |
_aRU _bNLR _c20091125 _grcr |
|
| 901 | _eАвторефераты | ||
| 942 | _cBOOK | ||
| 981 | 1 | 0 | _a(10) Авторефераты |